000 00566nam a2200193 i 4500
001 bg
100 1 _aTOMCZYK, Stanisław
245 0 _aMaszyny i urządzenia pakujące i rozlewnicze.
260 _aWarszawa :
_bWEMA,
_c1987.
490 1 _aMaszyny i Urządzenia dla Przemysłu Spożywczego
650 9 _aPrzemysł rolno-spożywczy
_xnarzędzia i maszyny
655 _aKatalogi
830 _aMaszyny i Urządzenia dla Przemysłu Spożywczego
040 _cBPK
041 _apl
080 _a664(081.3)
942 _cKA
008 s pl f |000 0 pol
999 _c319
_d319
856 _uhttp://koha.tu.koszalin.pl/cgi-bin/koha/opac-detail.pl?biblionumber=319
_yKatalog online BPK